Entry Nombre personal
001 - NÚMERO DE CONTROL
- campo de control: 131244
003 - IDENTIFICADOR DE NÚMERO DE CONTROL
- campo de control: OSt
005 - FECHA Y HORA DE LA ÚLTIMA TRANSACCIÓN
- campo de control: 20250904234903.0
008 - ELEMENTOS DE DATO DE LONGITUD-FIJA
- campo de control de longitud fija: 080222 b azznnaaan n bnc d
040 ## - FUENTE DE CATALOGACIÓN
- Centro catalogador/agencia de origen: OSt
- Centro/agencia transcriptor: OSt
100 1# - ENCABEZAMIENTO-NOMBRE DE PERSONA
- Nombre de persona: Poliziano, Angelo,
- Fechas asociadas al nombre: 1454-1494
400 1# - TRAZADO DE VÉASE--NOMBRE DE PERSONA
- Nombre de persona: Ambrogini, Agnolo (
- Fechas asociadas al nombre: 1454-1494)
400 1# - TRAZADO DE VÉASE--NOMBRE DE PERSONA
- Nombre de persona: Ambrogini, Angelo (
- Fechas asociadas al nombre: 1454-1494)
400 1# - TRAZADO DE VÉASE--NOMBRE DE PERSONA
- Nombre de persona: Ambrogini, Angelo, Poliziano (
- Fechas asociadas al nombre: 1454-1494)
400 1# - TRAZADO DE VÉASE--NOMBRE DE PERSONA
- Nombre de persona: Policiano, Angelo (
- Fechas asociadas al nombre: 1454-1494)
400 1# - TRAZADO DE VÉASE--NOMBRE DE PERSONA
- Nombre de persona: Politianus, Angelus (
- Fechas asociadas al nombre: 1454-1494)
400 1# - TRAZADO DE VÉASE--NOMBRE DE PERSONA
- Nombre de persona: Politien, Ange (
- Fechas asociadas al nombre: 1454-1494)
400 1# - TRAZADO DE VÉASE--NOMBRE DE PERSONA
- Nombre de persona: Poliziano (
- Fechas asociadas al nombre: 1454-1494)
400 1# - TRAZADO DE VÉASE--NOMBRE DE PERSONA
- Nombre de persona: Poliziano, Agnolo (
- Fechas asociadas al nombre: 1454-1494)
400 1# - TRAZADO DE VÉASE--NOMBRE DE PERSONA
- Nombre de persona: Poliziano, Angel (
- Fechas asociadas al nombre: 1454-1494)
400 1# - TRAZADO DE VÉASE--NOMBRE DE PERSONA
- Nombre de persona: Poliziano, Angelo Ambrogini (
- Fechas asociadas al nombre: 1454-1494)
400 1# - TRAZADO DE VÉASE--NOMBRE DE PERSONA
- Nombre de persona: Poliziano, Angiolo (
- Fechas asociadas al nombre: 1454-1494)
